Anagrammes de spécialités bretonnes - Statistiques

Statistiques générales
  • Ce quiz a été pris 49 fois
  • Le résultat moyen est 7 sur 15
Statistiques - réponses
Hint Réponse % Correct
ARF Far
100%
KRI Kir
98%
EDCRI Cidre
86%
SEREPC Crêpes
86%
AKOINMUNGA Kouign Aman
76%
TSETAGL Galettes
69%
UHHCONEC Chouchen
48%
FHAZARGKI Kig ha farz
36%
CRABMUALESEAUREAELR Caramel au beurre salé
21%
THAFENAPFE Pâté Hénaff
19%
TERISHU Huîtres
17%
MEAEEDLGDUNENOLIEU Andouille de Guéméné
14%
GMABLI Lambig
10%
CEAROTDI Cotriade
7%
TIROITBAL Lait ribot
7%
Aucun quiz correspondant
Distribution des résultats
% des personnes avec chaque résultat
Percentile par nombre de réponses
Votre historique - résultats
Vous n’avez pas pris ce quiz